FIFA World Cup 2026 - Qatar Squad - Statistics

General Stats
  • This quiz has been taken 2 times
  • The average score is 5 of 27
Answer Stats
Team # Position Club/Country Player % Correct
Qatar 11 LW Al-Sadd SC Akram Afif
100%
Qatar Manager Spain Julen Lopetegui
100%
Qatar 2 CB Al-Sadd SC Pedro Miguel
100%
Qatar 19 ST Al-Duhail SC Almoez Ali
50%
Qatar 16 CB Al-Sadd SC Boualem Khoukhi
50%
Qatar 8 LW Al-Duhail SC Edmílson Junior
50%
Qatar 4 CB Al-Arabi SC Issa Laye
50%
Qatar 6 CM Al-Rayyan SC Abdulaziz Hatim
0%
Qatar 7 ST Al-Rayyan SC Ahmed Alaaeldin
0%
Qatar 17 RW Al-Gharafa SC Ahmed Al-Ganehi
0%
Qatar 20 DM Al-Arabi SC Ahmed Fathi
0%
Qatar 25 CB Al-Arabi SC Al-Hashmi Al-Hussain
0%
Qatar 23 DM Al-Wakrah SC Assim Madibo
0%
Qatar 13 RB Al-Gharafa SC Ayoub Al-Oui
0%
Qatar 10 AM Al-Sadd SC Hasan Al-Haydos
0%
Qatar 14 LB Cultural Leonesa Homam Al-Amin
0%
Qatar 5 DM Al-Rayyan SC Jassem Gaber
0%
Qatar 12 DM Al-Duhail SC Karim Boudiaf
0%
Qatar 3 CB Al-Wakrah SC Lucas Mendes
0%
Qatar 1 GK Al-Rayyan SC Mahmoud Abunada
0%
Qatar 22 GK Al-Sadd SC Meshaal Barsham
0%
Qatar 26 DM Al-Shamal SC Mohamed Al-Mannai
0%
Qatar 9 ST Al-Gharafa SC Mohammed Muntari
0%
Qatar 21 GK Al-Duhail SC Salah Zakaria
0%
Qatar 18 LB Al-Duhail SC Sultan Al-Brake
0%
Qatar 24 LW Al-Duhail SC Tashin Mohammed Jamshid
0%
Qatar 15 LW Al-Wakrah SC Yusuf Abdusirag
0%
No matching quizzes found
Score Distribution
Percent of People with Each Score
Percentile by Number Answered
Your Score History
You have not taken this quiz